000
00250nam a2200097Ia 4500
001
866745
005
20250826175553.0
008
250824s9999 xx 000 0 und d
245
0
_a
DANİŞMEND GAZİ DESTANI
_c
BEKİR BİÇER
260
_b
AKÇAĞ YAYINLARI
999
_c
866745
_d
866745